000 00666nam a2200229Ia 4500
003 OSt
005 20220927104430.0
006 a|||||r|||| 00| 0
007 ta
008 220926b |||||||| |||| 00| 0 eng d
024 _a147488
037 _cReference Collections
040 _aRTL
_cRTL
_beng
041 _2eng
_aeng
082 _a"T4.2.N45t, GD"
110 _aCentral Advisory Board of Education (Committee of -)
_9365742
245 0 _aReport
260 _c1945
700 _aCentral Advisory Board of Education (Committee of -)
_9365743
942 _h"T4.2.N45t, GD"
_cCC
999 _c687364
_d687364